|
|
|
|
| LEADER |
00000ntm a22000007u 4500 |
| 001 |
zp3125 |
| 041 |
|
|
|a cze
|
| 100 |
1 |
|
|a Ťopková, Kristýna
|4 dis
|
| 245 |
1 |
0 |
|a Regulace negativních externalit v oblasti životního prostředí v České republice
|
| 246 |
|
|
|a Regulation of negative externalities in environment in the Czech Republic
|
| 260 |
|
|
|c 2006
|
| 300 |
|
|
|a 101 s., 3 s. tab. příloh
|
| 500 |
|
|
|a Studijní obor: Finance
|
| 500 |
|
|
|a Studijní obor: Finance
|
| 500 |
|
|
|a Ústav: Ústav financí a účetnictví
|
| 500 |
|
|
|a Univerzita Tomáše Bati ve Zlíně. Fakulta managementu a ekonomiky
|
| 500 |
|
|
|a Tomas Bata University in Zlín. Faculty of Management and Economics
|
| 506 |
|
|
|a Bez omezení
|
| 653 |
|
|
|a externality
|
| 653 |
|
|
|a regulace
|
| 653 |
|
|
|a životní prostředí
|
| 653 |
|
|
|a Česká republika
|
| 653 |
|
|
|a ekonomické nástroje
|
| 653 |
|
|
|a pokuty
|
| 653 |
|
|
|a poplatky
|
| 653 |
|
|
|a daně
|
| 653 |
|
|
|a subvence
|
| 653 |
|
|
|a externalities
|
| 653 |
|
|
|a regulation
|
| 653 |
|
|
|a environment
|
| 653 |
|
|
|a the Czech Republic
|
| 653 |
|
|
|a economic instruments
|
| 653 |
|
|
|a penalties
|
| 653 |
|
|
|a charges
|
| 653 |
|
|
|a taxes
|
| 653 |
|
|
|a subsidies
|
| 655 |
|
4 |
|a diplomová práce
|
| 700 |
1 |
|
|a Pastuszková, Eliška
|4 ths
|
| 710 |
2 |
|
|a Univerzita Tomáše Bati ve Zlíně. Fakulta managementu a ekonomiky
|4 dgg
|
| 710 |
2 |
|
|a Tomas Bata University in Zlín. Faculty of Management and Economics
|4 dgg
|
| 856 |
4 |
0 |
|u http://hdl.handle.net/10563/1157
|y Plný text v Digitální knihovně UTB
|